Advances in shrimp aquaculture management

Content: Shrimp culture systems; water quality management; stocking management; shrimp nutrition and feed management; shrimp racewways.

Sparad:
Bibliografiska uppgifter
Huvudupphovsman: Felix, S.
Materialtyp: Bok
Språk:Undetermined
Publicerad: Delhi Daya Pub. House 2018
Ämnen:
Taggar: Lägg till en tagg
Inga taggar, Lägg till första taggen!
Thư viện lưu trữ: Trung tâm Học liệu Trường Đại học Cần Thơ
LEADER 00693nam a2200193Ia 4500
001 CTU_230332
008 210402s9999 xx 000 0 und d
082 |a 639.8 
082 |b F316 
100 |a Felix, S. 
245 0 |a Advances in shrimp aquaculture management 
245 0 |c S. Felix. 
260 |a Delhi 
260 |b Daya Pub. House 
260 |c 2018 
520 |a Content: Shrimp culture systems; water quality management; stocking management; shrimp nutrition and feed management; shrimp racewways. 
650 |a Aquaculture,Nuôi trồng thủy sản,Shrimp culture.,Kỹ thuật nuôi tôm 
910 |a Tuyến 
980 |a Trung tâm Học liệu Trường Đại học Cần Thơ